h1

h2

h3

h4

h5
h6
000842216 001__ 842216
000842216 005__ 20251107153701.0
000842216 020__ $$a978-3-030-83013-7
000842216 020__ $$a978-3-030-83014-4
000842216 0247_ $$2DOI$$a10.1007/978-3-030-83014-4
000842216 0247_ $$2ISSN$$a1865-0929
000842216 0247_ $$2ISSN$$a1865-0937
000842216 0247_ $$2K10Plus$$aK10Plus:1771938595
000842216 037__ $$aRWTH-2022-02299
000842216 041__ $$aEnglish
000842216 1001_ $$aHammoudi, Slimane$$b0$$eEditor
000842216 1112_ $$a9. International Conference on Data Science, Technology and Applications$$conline$$d2020-07-07 - 2020-07-09$$gDATA 2020
000842216 245__ $$aData Management Technologies and Applications : 9th International Conference, DATA 2020, virtual event, July 7–9, 2020, revised selected papers$$cSlimane Hammoudi, Christoph Quix, Jorge Bernardino (eds.)$$honline, print
000842216 260__ $$aCham, Switzerland$$bSpringer$$c2021
000842216 300__ $$axii, 318 Seiten : Illustrationen, Diagramme
000842216 3367_ $$03$$2EndNote$$aConference Proceedings
000842216 3367_ $$0PUB:(DE-HGF)26$$2PUB:(DE-HGF)$$aProceedings$$bproc$$mproc
000842216 3367_ $$0PUB:(DE-HGF)3$$2PUB:(DE-HGF)$$aBook
000842216 3367_ $$2BibTeX$$aPROCEEDINGS
000842216 3367_ $$2DRIVER$$aconferenceObject
000842216 3367_ $$2DataCite$$aOutput Types/Book
000842216 3367_ $$2ORCID$$aBOOK
000842216 4900_ $$aCommunications in computer and information science$$v1446
000842216 588__ $$aDataset connected to DataCite
000842216 591__ $$aFrance
000842216 591__ $$aGermany
000842216 591__ $$aPortugal
000842216 7001_ $$0P:(DE-82)IDM01048$$aQuix, Christoph$$b1$$eEditor$$urwth
000842216 7001_ $$aBernardino, Jorge$$b2$$eEditor
000842216 8564_ $$uhttps://www.gbv.de/dms/tib-ub-hannover/1771938595.pdf$$yTable of contents
000842216 909CO $$ooai:publications.rwth-aachen.de:842216$$pVDB
000842216 9101_ $$0I:(DE-588b)36225-6$$6P:(DE-82)IDM01048$$aRWTH Aachen$$b1$$kRWTH
000842216 9141_ $$y2021
000842216 9201_ $$0I:(DE-82)121810_20140620$$k121810$$lLehrstuhl für Informatik 5 (Informationssysteme und Datenbanken)$$x0
000842216 9201_ $$0I:(DE-82)120000_20140620$$k120000$$lFachgruppe Informatik$$x1
000842216 9201_ $$0I:(DE-82)053300_20140620$$k053300$$lFraunhofer-Institut für Angewandte Informationstechnik - FIT$$x2
000842216 961__ $$c2022-03-02T17:29:27.893212$$x2022-03-02T17:29:27.893212$$z2022-03-02T17:29:27.893212
000842216 980__ $$aI:(DE-82)053300_20140620
000842216 980__ $$aI:(DE-82)120000_20140620
000842216 980__ $$aI:(DE-82)121810_20140620
000842216 980__ $$aUNRESTRICTED
000842216 980__ $$aVDB
000842216 980__ $$abook
000842216 980__ $$aproc